| 000 | 00508nam a2200217Ia 4500 | ||
|---|---|---|---|
| 005 | 20251020182459.0 | ||
| 008 | 200515s9999 xx 000 0 und d | ||
| 020 | _a84-283-2897-8 | ||
| 082 | _a624.91/C79 | ||
| 100 | _aCoscollano RodrÃguez, José | ||
| 245 | 0 | _aLa Cubierta del Edificio | |
| 260 | _aMadrid | ||
| 260 | _bTHOMSON ;PARANINFO | ||
| 260 | _c2005 | ||
| 300 | _a269 p. | ||
| 300 | _bil., tbl., graf. | ||
| 500 | _a1 ejemplar | ||
| 650 | _aCUBIERTAS | ||
| 942 | _cLIB | ||
| 999 |
_c1110 _d1110 |
||